| 000 | 02085cam a22006014i 4500 | ||
|---|---|---|---|
| 003 | PE-LiUPU | ||
| 005 | 20250731170400.0 | ||
| 008 | 150617s1966 mx r 000 0 spa d | ||
| 035 | _a(Sirsi) a11620 | ||
| 040 |
_aPE-LiUPU _bspa _cPE-LiUPU _erda |
||
| 049 | _aPRUA | ||
| 082 | 0 | 4 |
_a111.1 _bR14 _221 |
| 100 | 1 |
_aRadhakrishnan, Sri., _eautor. |
|
| 245 | 1 | 3 |
_aEl Concepto del Hombre : _bEstudio de Filosofía Comparada / _ceditado por Sri Radhakrishnan y P.T. Raju ; [traducción Julieta Campos]. |
| 264 | 1 |
_aMéxico : _bFondo de Cultura Económica, _c1966. |
|
| 300 |
_a482 páginas ; _c17 centímetros. |
||
| 336 |
_atext _2rdacontent |
||
| 337 |
_aunmediated _2rdamedia |
||
| 338 |
_avolume _2rdacarrier |
||
| 490 | 1 |
_aBreviados del Fondo de Cultura Económica ; _v176 |
|
| 505 | 0 | _aEl concepto del hombre en el pensamineto grieo -- El concepto del hombre en el pensamiento judío -- El concepto del hombre en el pensamiento chino -- El concepto del hombre en el pensamiento hindú -- Comparaciones y reflexiones. | |
| 526 | _aSEG68 | ||
| 526 | _aSEG70 | ||
| 526 | _aSEG69 | ||
| 526 | _aSEG67 | ||
| 526 | _aSEG43 | ||
| 526 | _aP144 | ||
| 526 | _aP143 | ||
| 526 | _aP131 | ||
| 526 | _aP122 | ||
| 526 | _aP120 | ||
| 526 | _aP117 | ||
| 526 | _aP112 | ||
| 526 | _aP110 | ||
| 526 | _aP106 | ||
| 526 | _aP101 | ||
| 526 | _aP80 | ||
| 526 | _aP59 | ||
| 526 | _aP54 | ||
| 526 | _aP35 | ||
| 526 | _aP33 | ||
| 526 | _aP30 | ||
| 650 | 0 | 4 | _aAntropología filosófica. |
| 700 | 1 |
_aRaju, P. T., _eautor. |
|
| 910 |
_ajck _bjvq _cjck _d20150616 |
||
| 910 |
_bksl _cksl _d20190611 |
||
| 942 |
_2ddc _cBOOK |
||
| 949 |
_a111.1 R14 _wDEWEY _c1 _i19104 _lCCODEBUL1 _mBUL _p20.00 _r0 _sY _tBOOK _u19810615 _xTEOLOGIA _PP35 _0COMPRA _o.STAFF. Colección Teología |
||
| 994 |
_aC0 _bPEPRU |
||
| 596 | _a1 | ||
| 999 |
_a111.1 R14 _wDEWEY _c1789 _i19104 _d1789 _e2017-5-5 _f2021-11-4 _g6 _lCCODEBUL1 _mBUL _n1 _p20.00 _r0 _sY _tBOOK _u2015-6-17 _xBIBLIOTECA _PP35 _0COMPRA _o.STAFF. Colección Teología |
||
| 980 |
_81 _gALBERTO SANCHEZ Responsable de Automatización |
||